[Event "Guingamp"]
[Site "?"]
[Date "2003.03.08"]
[Round "9"]
[White "Istratescu Andrei"]
[Black "Bronznik Valerij"]
[Result "1-0"]
[WhiteElo "2593"]
[BlackElo "2412"]
[PlyCount "100"]
[EventDate "2003.??.??"]
[Source "www.chesslib.no"]
[SourceDate "2004.05.04"]

1. c4 b6 2. Nc3 e6 3. Nf3 Bb7 4. d4 Bb4 5. Qb3 Qe7 6. a3 Bxc3+ 7. Qxc3 f5 8. g3 Nf6 9. Bg5 d6 10. Bxf6 Qxf6 11. Bg2 O-O 12. O-O Nd7 13. Rac1 Qe7 14. b4 Nf6 15. Rfd1 Ne4 16. Qe3 c5 17. dxc5 bxc5 18. Nd2 cxb4 19. axb4 Nxd2 20. Bxb7 Qxb7 21. Qxe6+ Kh8 22. Rxd2 Qxb4 23. Qxd6 Qxd6 24. Rxd6 a5 25. Ra1 a4 26. Ra3 Rfc8 27. c5 Kg8 28. Rd5 g6 29. h3 Ra5 30. g4 Rcxc5 31. Rxc5 Rxc5 32. Rxa4 fxg4 33. Rxg4 Kg7 34. Kg2 Kf6 35. Rf4+ Kg7 36. e3 Ra5 37. h4 Rb5 38. Rd4 Kf6 39. Rd7 h5 40. Rd6+ Kf7 41. e4 Rb1 42. f3 Rb3 43. Kg3 Ra3 44. Kf4 Rb3 45. e5 Rb5 46. Rd7+ Kf8 47. Ke4 Ra5 48. f4 Ra1 49. e6 Re1+ 50. Kd5 Re2 1-0